History Quiz

Random History or Clickable Quiz

Effects of the Great Depression Quiz Stats

 Plays Quiz not verified by Sporcle

Score 0/10 Timer 10:00
0 Plays Today
% Correct
To be afraid of foreign people.
80%
12 mill
70%
couldn't pay rent.
70%
An act that would put a tax on all imported goods?
60%
Shantytowns aka Hoovervilles.
60%
30,000
50%
Put a tax on American goods. Imported to that country.
50%
9,000
40%
Too many returning soldiers. Returning to the workforce.
40%
2,300
20%

You're not logged in!

Compare scores with friends on all Sporcle quizzes.
OR
Log In

Show Comments

Extras

Top Quizzes Today


Score Distribution

Your Account Isn't Verified!

In order to create a playlist on Sporcle, you need to verify the email address you used during registration. Go to your Sporcle Settings to finish the process.

Report this User

Report this user for behavior that violates our Community Guidelines.

Details: